Statistiken für Autobahnknoten in Österreich

Klicken Sie hier um das Quiz zu spielen!

Allgemein

  • Dieses Quiz wurde 95 mal gespielt
  • Das Durchschnittsergebnis liegt bei 15 aus 30

Antwortstatistiken

KnotenBundeslandAntwort% Korrekt
A1 & A10SalzburgSalzburg
77%
A2 & A9SteiermarkGraz West
75%
A1 & A7Linz
75%
A1 & A8 & A9Voralpenkreuz
68%
A8 & A25Wels
68%
A2 & A10 & A11KärntenVillach
66%
A12 & A13TirolInnsbruck
65%
A3 & S31BurgenlandEisenstadt
63%
A2 & S37KärntenKlagenfurt Nord
63%
A1 & S33St. Pölten
63%
A2 & A21 & S1Vösendorf
54%
A2 & S4Wiener Neustadt
54%
A4 & S1Schwechat
52%
A9 & S6 & S36SteiermarkSt. Michael
51%
A4 & A23WienWien Prater
51%
S6 & S35SteiermarkBruck an der Mur
49%
A4 & A6BurgenlandBruckneudorf
49%
S4 & S31BurgenlandMattersburg
48%
A22 & S3 & S5Stockerau
43%
A2 & S6Seebenstein
40%
A2 & A3Guntramsdorf
38%
A1 & A25Haid
35%
A22 & S1Korneuburg
35%
A1 & A21Steinhäusl
34%
A2 & A23WienWien Inzersdorf
34%
A22 & A23WienWien Kaisermühlen
31%
A5 & S1Eibesbrunn
23%
A7 & A26Linz Hummelhof
20%
A9 & S35SteiermarkPeggau Deutschfeistritz
15%
S5 & S33Jettsdorf
12%

Verteilung der Resultate

Perzentil nach korrekt beantworteten Fragen

Anzahl Personen mit jedem Resultat

Ihre Resultats-Entwicklung

Sie haben dieses Quiz noch nicht gespielt